Oulipo: ejercicios de literatura potencial
Wedi'i Gadw mewn:
| Prif Awduron: | , , , , |
|---|---|
| Fformat: | Llyfr |
| Iaith: | Sbaeneg |
| Cyhoeddwyd: |
Buenos Aires
Caja Negra
2016
|
| Rhifyn: | 1a. ed |
| Pynciau: | |
| Tagiau: |
Ychwanegu Tag
Dim Tagiau, Byddwch y cyntaf i dagio'r cofnod hwn!
|
MARC
| LEADER | 00000cam a2200000 a 4500 | ||
|---|---|---|---|
| 001 | UCD7350 | ||
| 003 | CL-VaPUC | ||
| 008 | 170317e20160000ag |||||||||||||||||spa|d | ||
| 020 | |a 9789871622511 | ||
| 082 | 0 | 4 | |a 808.066 |b QUE |2 21 |
| 100 | 0 | |a Queneau, Raymond |e author |9 591349 | |
| 700 | |a Perec, Georges |e author |9 603316 | ||
| 700 | |a Le Lionnais, Francois |e author |9 591351 | ||
| 700 | |a Calvino, Italo |e author |9 322824 | ||
| 700 | 0 | |a Mathews, Harry |e author |9 591352 | |
| 245 | 1 | 0 | |a Oulipo: ejercicios de literatura potencial |
| 250 | |a 1a. ed | ||
| 300 | |a 341 p | ||
| 942 | |c BK | ||
| 945 | |d 20170317 22:16:00 |a arojas | ||
| 260 | |a Buenos Aires |b Caja Negra |c 2016 | ||
| 650 | 0 | |a Literatura experimental |9 450139 | |
| 650 | 0 | |a Narrativa |9 336727 | |
| 650 | 0 | |a Ejercicios |9 269807 | |
| 650 | 0 | |a Estilo literario |9 316417 | |
| 583 | |a last modification |c 20170317 22:16:00 |k Rodrigo Vera | ||
| 999 | |c 367411 |d 367409 | ||
| 952 | |0 0 |1 0 |3 erb |4 0 |6 808_066000000000000_QUE_2016 |7 0 |8 A |9 482276 |a BIBART |b BIBART |i 5366380 |l 1 |o 808.066 QUE 2016 |p 5366380 |r 2025-03-13 |s 2024-08-29 |w 2019-11-24 |y BK |z Catalogado en:20170317 |k ART | ||